00451nam a22001577a 450000500170000000800410001702000170005804100150007508200150009010000270010524500380013225000200017026000460019030000320023665000250026820231127091408.0231127b |||||||| |||| 00| 0 eng d a070210549 X  aAfrikaans  a340.1 STE  aSteyn, LC lAfrikaans  aDie Uitleg van Wette /cLC Steyn  aVierde Uitgawe  aCape Town : bJuta en Kie. Beperk, c1974 bxlix, 345 pages ; c26 cm.  aLegal practice bLaw